000 00790cam a22002533a 4500
001 19125
003 PGUSA
005 20140828083415.0
008 060826s2006||||xxu|||||s|||||000 | eng d
040 _aPGUSA
_beng
042 _adc
050 4 _aDL
100 1 _aWacklin, Sara,
_d1790-1846
245 1 0 _aSatanen muistelmia Pohjanmaalta 1
_h[electronic resource] /
_cSara Wacklin
260 _bProject Gutenberg,
_c2006
500 _aTranslation of: Hundrade minnen från Österbotten
506 _aPublic domain in the USA.
516 _aElectronic text
653 _aOulu (Finland) -- Biography -- Anecdotes, facetiae, satire, etc.
700 1 _aAulén, Johan,
_d1837-1906
830 0 _aProject Gutenberg
_v19125
856 4 0 _uhttp://www.gutenberg.org/ebooks/19125
942 _cEB
999 _c248380
_d248380